città/paesi abruzzesi - Statistics

General Stats
  • This quiz has been taken 27 times
  • The average score is 6 of 14
Answers on the Grid
Answers color-coded by a green-red scale on the quiz's grid according to % correct below.
Castrovalva
Perano
Torrimpoglio
Lecce nei Marsi
Rocca Lantuana
Rocca Scalegna
Collalto Marsicano
Pietracollina
Fiumenero
Bomba
Casalincontrada
Lettomanoppello
Lettopalena
Lettosparano
Montazzoli
Montagnella
Mozzagrogna
Quadri
Gessopalena
Paglieta
Varano
Rocca arrostiana
San Vito chietino
Cerano sul Ticino
 
Answer Stats
Answer % Correct
San Vito chietino
62%
Bomba
54%
Lecce nei Marsi
54%
Castrovalva
46%
Perano
46%
Rocca Scalegna
46%
Casalincontrada
38%
Gessopalena
38%
Lettomanoppello
38%
Lettopalena
38%
Montazzoli
38%
Paglieta
38%
Mozzagrogna
31%
Quadri
31%
No matching quizzes found
Score Distribution
Percent of People with Each Score
Percentile by Number Answered
Your Score History
You have not taken this quiz